01613njm a2200289Ia 450000100060000000300090000600500170001500800410003204000130007304000130008699900170009999900090011610000160012510000250014110000430016624500270020925000110023626000110024726000580025830000100031630000290032650001170035550505490047265000550102194200120107695202350108866272IT-RoPAU20220918181121.0131025s9999 xx 000 0 und d aIT-RoPAU cIT-RoPAU c99768d99768 bn.d. aAA.VV.9794 eAutore musica923664 gCodice autore musica SPICS: 120009796 aEffetti sonori vol. 05 a1a ed. aMILANO bSCIASCIAc1974 [1a Ed.:1974 - Ed. Lingua Orig.: 1974] aDISCO c28 minuti (Testo: pag.) aModerna collezione di effetti sonori per uso industriale, radio, tv, cinema, teatro, pubblicità e cineamatori. aCavalli passaggio sul selciato e in curva sulla ghiaia - Jet 707 decollo - Jet 727 decollo - Aerei supersonici Blues Angels (decollo) - Cantiere edile - Albero (caduta) - Tuoni e pioggia - Sintetizzatore effetto di fuga - Effetto elettronico - Ping pong (partita di una coppia che parla inglese) - Motocicletta su circuito - Macchine sportive su una curva - Passi sulla ghiaia (avviamento auto retromarcia) - Passi in cerchio - Passi di corsa sulla ghiaia - Nave spaziale - Segheria - Elicottero - Fucile con eco di canyon - Fuochi d'artificio aRUMORI [DISCHI]eCodice MATERIA SPICS: 9950923665 cMD2ddc 001040666272_00000000000000071aSPICSbSPICSd2013-10-25l0o66272r2013-10-25 00:00:00w2013-10-25yMDzProgr. Ins.: 16273 / N.Vol.: 1 / Copie: 1 - Copia rara: n.d. / date import: 01.01.2014 - By Epidotti, Trombetti, Vaglietti